Curriculum perguruan tinggi. (Record no. 87070)

MARC details
000 -LEADER
fixed length control field 00563cam a22002171 4500
001 - CONTROL NUMBER
control field sa 68016401
003 - CONTROL NUMBER IDENTIFIER
control field DLC
005 - DATE AND TIME OF LATEST TRANSACTION
control field 20260227112654.0
008 - FIXED-LENGTH DATA ELEMENTS--GENERAL INFORMATION
fixed length control field 720629s1962 xx 000 0 ind
010 ## - LIBRARY OF CONGRESS CONTROL NUMBER
LC control number sa 68016401
035 ## - SYSTEM CONTROL NUMBER
System control number (OCoLC)344781
040 ## - CATALOGING SOURCE
Original cataloging agency DLC
Transcribing agency OAU
Modifying agency DLC
042 ## - AUTHENTICATION CODE
Authentication code premarc
050 00 - LIBRARY OF CONGRESS CALL NUMBER
Classification number LA1273
Item number .K28
100 1# - MAIN ENTRY--PERSONAL NAME
Personal name Kartohadiprodjo, Sudiman.
245 10 - TITLE STATEMENT
Title Curriculum perguruan tinggi.
260 ## - PUBLICATION, DISTRIBUTION, ETC.
Place of publication, distribution, etc. [Bandung,
Date of publication, distribution, etc. 1962?]
300 ## - PHYSICAL DESCRIPTION
Extent 13 l.
Dimensions 34 cm.
650 #0 - SUBJECT ADDED ENTRY--TOPICAL TERM
Topical term or geographic name entry element Education, Higher
Geographic subdivision Indonesia.
650 #0 - SUBJECT ADDED ENTRY--TOPICAL TERM
Topical term or geographic name entry element Education, Higher
General subdivision Curricula.

No items available.

Powered by Koha